00336nam a22001337a 4500003000400000008004100004020001800045082001600063100001900079245005400098250001100152260003100163300000800194OSt240415b |||||||| |||| 00| 0 eng d a9789354973765 a005.133 THP aTHAREJA, Reema aPython Programming using Problem Solving Approach a2nd Ed aNew Delhib Pearsonsc2024 a491